| 000 | 01137cam a2200337 a 4500 | ||
|---|---|---|---|
| 001 | 25175 | ||
| 003 | BD-RjUL | ||
| 005 | 20211209050837.0 | ||
| 008 | 140316s1954 nyuab b 001 0 eng d | ||
| 035 | _a(DLC) 54011385 | ||
| 035 | _a(BD-RjUL)25244 | ||
| 035 | _a6514052 | ||
| 040 |
_aDLC _cO _dOCoLC _dUk _dBD-RjUL _beng |
||
| 041 | _aeng | ||
| 082 |
_a951 _bLIF 1954 |
||
| 100 | 1 |
_aLinebarger, Paul Myron Anthony, _d1913-1966. _977451 |
|
| 245 | 1 | 0 |
_aFar Eastern governments and politics : _bChina and Japan / _cPaul M.A. Linebarger, Djang Chu, Ardath W. Burks. |
| 260 |
_aNew York ; _aLondon : _bVon Nostrand Company, _cc1954. |
||
| 300 |
_ax, 630 p. : _bill., maps ; _c24 cm. |
||
| 504 | _aIncludes bibliographical references and index. | ||
| 650 |
_aPolitics and government. _977452 |
||
| 651 | 0 |
_aChina _xPolitics and government. _977453 |
|
| 651 | 0 |
_aJapan _xPolitics and government. _977454 |
|
| 830 | 0 |
_v[10] _977460 |
|
| 700 | 1 |
_aDjang, Chu. _977456 |
|
| 700 | 1 |
_aBurks, Ardath W. _96991 |
|
| 830 | 0 |
_aVan Nostrand political science series ; _977461 |
|
| 942 |
_2ddc _cBK |
||
| 999 |
_c25175 _d25175 |
||